| 000 | 01608nam a2200421Ia 4500 | ||
|---|---|---|---|
| 003 | GCL | ||
| 005 | 20240530105042.0 | ||
| 008 | 140319s9999 xx 000 0 ara d | ||
| 040 |
_aGCL / _cGCL |
||
| 082 | 0 | 4 |
_a932 _bق/س م |
| 100 | 1 | _aسليم حسن | |
| 245 | 1 | 0 |
_a مصر القديمة / _cسليم حسن |
| 260 |
_aالقاهرة : _bالهيئة المصرية العامة للكتاب ، _c1994 |
||
| 300 |
_a12جزء ؛ _c24سم |
||
| 650 | 0 | 4 | _aمصر القديمة |
| 650 | 0 | 4 | _aالفراعنة |
| 650 | 0 | 4 | _aالحضارة الفرعونية |
| 650 | 0 | 4 | _aالمصريون القدماء |
| 650 | 0 | 4 | _aالديانات القديمة |
| 650 | 0 | 4 | _aالاسرة الثامنة عشرة |
| 650 | 0 | 4 | _aرمسيس الثانى |
| 650 | 0 | 4 | _aالاسكندر الاكبر |
| 650 | 0 | 4 | _aالكهنة المصريون |
| 650 | 0 | 4 | _aالديانات المصرية القديمة |
| 650 | 0 | 4 | _aعصر الاسرات |
| 650 | 0 | 4 | _aالبطالمة |
| 650 | 0 | 4 | _aالاسرة الثالثة |
| 650 | 0 | 4 | _aالعصر الحجرى القديم |
| 650 | 0 | 4 | _aالهكسوس - مصر |
| 650 | 0 | 4 | _aمصر القديمة - تاريخ - عصر البطالمة |
| 650 | 0 | 4 | _aمصر القديمة - الاحوال الاجتماعية |
| 650 | 0 | 4 | _aمصر القديمة - تاريخ |
| 650 | 0 | 4 | _aمصر - تاريخ - الاسرة الاولى |
| 650 | 0 | 4 | _aمصر - تاريخ - الاسرة الثانية |
| 650 | 0 | 4 | _aمصر - تاريخ - العهد الاهناسى |
| 650 | 0 | 4 | _aمصر - تاريخ - عصر ما قبل التاريخ |
| 942 |
_2ddc _cBK |
||
| 999 |
_c52788 _d52788 |
||